000 00446nam a22001577a 4500
005 20251108171907.0
008 250721s1998 xx 000 0 ara d
082 1 4 _a600/تعا
245 1 0 _aالتعايش مع التكنولوجيا /
264 1 _aعمان :
_bجامعة القدس المفتوحة،
_c1998.
300 _a391 ص
650 1 7 _aالتكنولوجيا
650 1 7 _aالمعلومات
942 _2ddc
_cBK
999 _c65374
_d65374